Quiz pour les experts de Pokémon - Statistiques

Statistiques générales
  • Ce quiz a été pris 19 fois
  • Le résultat moyen est 10 sur 45
Statistiques - réponses
Questions Réponses % Correct
Avec les séries dérivées et les mangas, quel Pokémon à 9 motifs différents sur son corps ? (indice : dans les toutes premières saisons, il était aux côtés de la Team Rocket) Arbok
57%
Quel Pokémon est surnommé "bouée des esprits égarés" ? (indice : des petits enfants disparaissent quand il apparait la nuit) Baudrive
57%
Quel est le seul Pokémon Plante/Poison n'ayant pas besoin d'une pierre évolutive pour évoluer ? Florizarre
57%
Quels Pokémon sont némésis de génération en génération ? (indice : des cicatrices sont les preuves de leurs combats perpétuels) Mangriff / Séviper
57%
Quel Pokémon fut emprisonné à cause du mauvais comportement de ses 108 esprits ? Spiritomb
57%
Quel Pokémon est perçu comme un danger imminent alors qu'il n'en est pas un ? (indice : sa venue serait suivie de catastrophes) Absol
43%
Quel Pokémon a été longtemps chassé, amenant l'espèce proche de l'extinction, pour ses bois qui se vendaient très cher ? Cerfrousse
43%
Quel Pokémon détient 2 cerveaux, le permettant de se protéger par devant et par derrière ? Girafarig
43%
Quel Pokémon a pour mission d'amener des gens ou des Pokémon au monde des esprits ? (indice : il est l'antagoniste dans Pokémon Donjon Mystère : Explorateurs du Ciel) Noctunoir
43%
Quel Pokémon titube comme s'il était complètement ivre ? (indice : son créateur devait sans doute être dans le même état) Spinda
43%
Quel Pokémon a permis aux humains de développer la recette du ciment ? Bétochef
29%
Quel Pokémon est le plus lourd parmi tous ceux qui existent ? (indice : on ne comprend toujours pas comment Lilie ne s'est pas cassé le dos dans les jeux) Cosmovum
29%
Quel Pokémon annonce l'arrivée de l'automne en entrechoquant ses antennes ? (indice : le cri de son évolution est connu parmi tous les joueurs de Pokémon tellement il est iconique) Crikzik
29%
Quel Pokémon est considéré comme le "Dieu des moissons" ? (indice : il a été le Pokémon le plus joué en OverUsed en 8G) Démétéros
29%
Quel Pokémon est le défenseur effroyable de la forêt, emprisonnant jusqu'à la fin de leurs jours les humains qui abîment cette dernière ? Desséliande
29%
Quel Pokémon se nourri plus de l'énergie du soleil que d'aliments ? Galvaran
29%
Quel Pokémon a été créé par les humains dans le but de protéger le monde ? Golemastoc
29%
Quel Pokémon ressemble à une étoile et serait venu sur Terre en étant accroché à une météorite ? Mélo
29%
Quel Pokémon est doté des pouvoirs hypnotiques les plus puissants sur l'ensemble des Pokémon existants ? Sépiatroce
29%
Quel Pokémon a permis à Auguste, champion d'arène de Cramois'île, de s'intéresser activement aux Pokémon de type Feu ? Sulfura
29%
Quel Pokémon possède un gros cerveau et peut sonder les alentours comme un OVNI sur un rayon de 10km ? Astronelle
14%
Quel est le Pokémon le plus puissant dans les saisons 20, 21 et 22 de Pokémon ? (indice : dans un épisode, il arrive à battre aisément Crancrelove) Chelours
14%
Quel Pokémon a le pouvoir contraire de Xerneas, c'est-à-dire de dessécher instantanément les forêts alentours ? Chongjian
14%
Quel Pokémon est capable de détacher de lui-même les cornes sur sa tête lorsqu'il est poursuivi et de les refaire pousser rapidement ? (indice : il vit dans les milieux maritimes) Corayon
14%
Quel Pokémon fut le gardien des rois et des reines dans la région de Kalos ? (indice : on a tous galéré à le coincer dans le Palais Chaydeuvre) Couafarel
14%
Quel Pokémon était un animal domestique et a fini par retrouver son état sauvage ? (indice : il vit dans l'eau et a un corps très robuste) Écrapince
14%
Quel Pokémon vit dans l'eau et sors de celle-ci pour se combattre ? (indice : il n'est pas de type Eau) Krakos
14%
Quel Pokémon agit comme la légende des cigognes qui apportent les bébés aux parents, mais qui préfèrent larguer des objets pour qu'ils s'écrasent ? (indice : je ne lui confierai jamais mes enfants personnellement) Lestombaile
14%
Quel Pokémon raffole des Staross et se querelle souvent avec Lanturn pour ses proies préférées ? (indice : est dans la team en défi Duo et Super Duo de Vesper dans la Maison de Combat (6G)) Luminéon
14%
Quel Pokémon est le créateur de vêtements pour les petits Pokémon ? (indice : il apparait dans la team de Sacha dans l'animé et fait preuve de son talent dans un épisode) Manternel
14%
Quels Pokémon ont la meilleure et même statistique de Défense ? (indice : ils sont sous une autre forme grâce au phénomène de la 6G) Méga-Steelix / Méga-Galeking
14%
Quels Pokémon vivent en groupe de 20, comme une sorte d'équipe de rugby, ce qui leur a permis de survivre dans un environnement hostile ? Quartermac
14%
Quel Pokémon peut émettre des coups tellement rapides qu'ils sont invisibles à l'œil nu ? Shaofouine
14%
Quel Pokémon vu comme une réincarnation de l'âme des algues, qui s'entend particulièrement bien avec les Venalgues, et qui est si puissant qu'il peut assommer un Wailord ? Sinistrail
14%
Quel est le second Pokémon après Quelorior à savoir peindre ? Tag-tag
14%
Selon la couleur de ce Pokémon, une hiérarchie est établie entre les alternatives chromatiques et se livrent à des luttes, alors qu'ils sont de la même espèce. Tapatoès
14%
Quel est le seul Pokémon à ne connaître aucune capacité de type Normal ? Aspicot
0%
Le mucus de quel Pokémon serait idéal pour soulager les coups de soleil ? Concombaffe
0%
Quel Pokémon à la particularité de changer en pierre, comme Gorgone, la personne qui touche son corps ? Corayôme
0%
L'énergie de quel Pokémon provient de la lumière des étoiles ? (indice : j'avais complétement oublié l'existence de ce Pokémon) Coxyclaque
0%
Quel Pokémon est devenu maître dans l'art de la régénération en se débarrassant de sa chair en trop qui est exquise ? (indice : une véritable aubaine pour manger sans tuer non ?) Délestin
0%
Le dos de quel Pokémon constituait avant le goûter des enfants ? Dratatin
0%
Quel Pokémon rejette la chaleur de son corps par les fentes de sa queue ? (indice : c'est moi ou ce mécanisme ressemble à un pet ?) Duralugon
0%
Quel est le Pokémon qui peut posséder le talent Point Poison sans être de type Poison ? Hypocéan
0%
Quel Pokémon n'étant pas de type Eau vivait dans les profondeurs de l'océan ? Lilia / Vacillys
0%
Aucun quiz correspondant
Distribution des résultats
% des personnes avec chaque résultat
Percentile par nombre de réponses
Votre historique - résultats
Vous n’avez pas pris ce quiz